000 00527cam a2200145 4500500
005 20251012032512.0
041 _afre
042 _adc
100 1 0 _aLe Moing, Monique
_eauthor
245 0 0 _aArturo Pérez-Reverte, Le cimetière des bateaux sans nom, traduit de l’espagnol par François Maspero, Seuil, 2001, 568 p.
260 _c2002.
500 _a34
786 0 _nSigila | 9 | 1 | 2002-06-20 | p. 206-208 | 1286-1715
856 4 1 _uhttps://shs.cairn.info/revue-sigila-2002-1-page-206?lang=fr&redirect-ssocas=7080
999 _c1547465
_d1547465